000 00196 a2200097 4500
001 22999
100 _aBarker, L M
245 _aPears Encyclopedia
260 _a
_bPears
_c
090 _c15552
_d15552
942 _aNUST-CAE
_cM
_c6172
999 _c258072
_d258072